| 000 | 01020nam0a22002531 4500 | ||
|---|---|---|---|
| 001 | rc\948129 | ||
| 005 | 20041129100031.4 | ||
| 035 | _a(NLR Aleph) 006120061 | ||
| 090 |
_a5451227 _c5451227 |
||
| 100 | _a20041129d1982 u |0rusy50 ca | ||
| 101 | 0 | _arus | |
| 102 | _aRU | ||
| 105 | _ay ||||||||| | ||
| 200 | 1 |
_aМетодические рекомендации по технологии газохимического консервирования растительных кормов _fВАСХНИЛ, Юж. отд-ние, Укр. с.-х. акад. _g[Разраб. А.М. Жаданом и др.] |
|
| 210 |
_aКиев _cБ. и. _d1982 |
||
| 215 |
_a18 с. _d20 |
||
| 320 | _aБиблиогр.: с. 17 (8 назв.) | ||
| 702 | 1 |
_aЖадан _bА. М. _gАнатолий Маркиянович _4570 |
|
| 712 | 0 | 2 |
_aУкраинская академия с.-х. наук _cКиев _3RU\NLR\AUTH\8817876 |
| 801 | 0 |
_aRU _bNLR _gpsbo |
|
| 801 | 1 |
_aRU _bELAR _2rusmarc |
|
| 852 |
_aNLR _j82-4/22219 |
||
| 942 | _cBOOK | ||
| 980 | _aNB | ||